000
00217nam a2200085Ia 4500
245
0
_a
Honesty
100
_a
PRYOR, Kimberley Jane Tarrytown, NY, 2009
942
_c
BK
008
210817s9999 xx 000 0 und d
999
_c
276225
_d
276220